[Event "EU-ch Seniors 50 22nd"]
[Site "Acqui Terme"]
[Date "2023.06.03"]
[Round "9"]
[White "Cazzaniga, Walter"]
[Black "Verdier, Patrice"]
[Result "1-0"]
[WhiteElo "1970"]
[BlackElo "2014"]
[PlyCount "84"]
[EventDate "2023.05.26"]
[EventType "swiss"]
[EventRounds "9"]
[EventCountry "ITA"]
[SourceTitle "CBM 214 Extra"]
[Source "ChessBase"]
[SourceDate "2023.07.31"]
[SourceVersion "1"]
[SourceVersionDate "2023.07.31"]
[SourceQuality "1"]

1. d4 Nf6 2. c4 c5 3. d5 b5 4. cxb5 a6 5. bxa6 g6 6. Nc3 Bg7 7. Nf3 0-0 8. g3 d6 9. Bg2 Nbd7 10. 0-0 Nb6 11. Nd2 Bxa6 12. Qc2 Nfd7 13. Rb1 c4 14. Rd1 h6 15. Nf3 Bb7 16. Nd4 Re8 17. Be3 Ne5 18. h3 Ra6 19. Qd2 Kh7 20. f4 Ned7 21. Qc2 Qa8 22. Ndb5 Rc8 23. f5 Nf6 24. fxg6+ fxg6 25. Qd2 Ne8 26. Bd4 Nf6 27. e4 Nbd7 28. Qe3 Qb8 29. Rd2 Re8 30. Qe2 Rc8 31. h4 h5 32. Bh3 Rf8 33. Rf1 Bc8 34. Be6 Ne5 35. Bxe5 dxe5 36. Qxc4 Bxe6 37. dxe6 Qb6+ 38. Kh1 Nxe4 39. Nxe4 Rxf1+ 40. Qxf1 Qc6 41. Nbc3 Ra4 42. Qg2 Ra7 1-0

[Event "EU-ch Seniors 50 22nd"]
[Site "Acqui Terme"]
[Date "2023.05.29"]
[Round "4"]
[White "Mileto, Gabriele"]
[Black "Cazzaniga, Walter"]
[Result "0-1"]
[WhiteElo "2092"]
[BlackElo "1970"]
[PlyCount "94"]
[EventDate "2023.05.26"]
[EventType "swiss"]
[EventRounds "9"]
[EventCountry "ITA"]
[SourceTitle "CBM 214 Extra"]
[Source "ChessBase"]
[SourceDate "2023.07.31"]
[SourceVersion "1"]
[SourceVersionDate "2023.07.31"]
[SourceQuality "1"]

1. d4 Nf6 2. c4 g6 3. Nc3 Bg7 4. e4 d6 5. f3 0-0 6. Be3 Nc6 7. Nge2 a6 8. Qd2 Rb8 9. Rc1 Bd7 10. Nd1 e5 11. d5 Ne7 12. Ng3 Ne8 13. Be2 c5 14. 0-0 f5 15. exf5 Nxf5 16. Nxf5 gxf5 17. f4 e4 18. Kh1 Kh8 19. Nf2 Nf6 20. h3 b5 21. g4 fxg4 22. hxg4 Nxg4 23. Nxg4 Bxg4 24. Bxg4 Qh4+ 25. Qh2 Qxg4 26. cxb5 Rxb5 27. Rc2 Rf5 28. Rg2 Qh5 29. b3 Rb8 30. Rg5 Qxh2+ 31. Kxh2 Rbf8 32. Rxf5 Rxf5 33. Rd1 Kg8 34. Kg3 h5 35. Kh4 Kf7 36. Rd2 Bh6 37. Kg3 Bg7 38. Rd1 Bd4 39. Re1 Rxd5 40. Bc1 e3 41. Bxe3 Bxe3 42. Rxe3 Rd2 43. a4 Kf6 44. Rc3 Kf5 45. a5 Rd4 46. Kh4 Kxf4 47. Kxh5 Ke5 0-1

[Event "Milan Palladino Memorial-A 7th"]
[Site "Milan"]
[Date "2015.04.04"]
[Round "4"]
[White "Cazzaniga, Walter"]
[Black "Podini, Francesco"]
[Result "1-0"]
[WhiteElo "2148"]
[BlackElo "2014"]
[PlyCount "59"]
[EventDate "2015.04.02"]
[EventType "swiss"]
[EventRounds "7"]
[EventCountry "ITA"]
[SourceTitle "EXT 2017"]
[Source "ChessBase"]
[SourceDate "2016.10.25"]
[SourceVersion "1"]
[SourceVersionDate "2016.10.25"]
[SourceQuality "1"]

1. d4 e6 2. e4 c5 3. d5 exd5 4. exd5 d6 5. Nf3 Nf6 6. Be2 Be7 7. 0-0 0-0 8. h3 Re8 9. Bf4 a6 10. a4 Nbd7 11. c4 Ne4 12. Qc2 f5 13. Bd3 Ndf6 14. Nbd2 Bf8 15. Rfe1 Nxd2 16. Nxd2 g6 17. Nf3 h6 18. Rxe8 Nxe8 19. a5 Bd7 20. b4 Rc8 21. Qb3 Bg7 22. Ra2 g5 23. Bd2 Rc7 24. bxc5 dxc5 25. Bc3 Bxc3 26. Qxc3 Qf6 27. Qxf6 Nxf6 28. Ne5 Ne4 29. Bxe4 fxe4 30. d6 1-0

[Event "Milan Palladino Memorial-A 7th"]
[Site "Milan"]
[Date "2015.04.04"]
[Round "3"]
[White "Cerioni, Armando"]
[Black "Cazzaniga, Walter"]
[Result "0-1"]
[WhiteElo "1951"]
[BlackElo "2148"]
[PlyCount "144"]
[EventDate "2015.04.02"]
[EventType "swiss"]
[EventRounds "7"]
[EventCountry "ITA"]
[SourceTitle "EXT 2017"]
[Source "ChessBase"]
[SourceDate "2016.10.25"]
[SourceVersion "1"]
[SourceVersionDate "2016.10.25"]
[SourceQuality "1"]

1. e4 e6 2. d3 c5 3. Nf3 Nc6 4. Nbd2 g6 5. c3 Bg7 6. Be2 Nge7 7. 0-0 0-0 8. Nb3 d6 9. d4 b6 10. Be3 e5 11. dxe5 dxe5 12. Qc2 Qc7 13. Rfd1 Bb7 14. Rd2 Rad8 15. Rad1 h6 16. Rxd8 Rxd8 17. Rxd8+ Nxd8 18. Qd3 Kh7 19. Nfd2 Ne6 20. f3 Nf4 21. Qc4 Nxe2+ 22. Qxe2 Qd7 23. Nb1 Qa4 24. Na3 Ba6 25. Qd2 f5 26. Qd6 Ng8 27. exf5 gxf5 28. Bxc5 bxc5 29. Nxc5 Qh4 30. Qxa6 Qe1+ 31. Qf1 Qe3+ 32. Qf2 Qc1+ 33. Qf1 Qxb2 34. Nb5 Qxa2 35. Qd3 Ne7 36. Nd6 Qa1+ 37. Kf2 Qb2+ 38. Kf1 Qc1+ 39. Kf2 Qb2+ 40. Kf1 Qc1+ 41. Kf2 e4 42. fxe4 Qxc3 43. Qxc3 Bxc3 44. Na4 Bb4 45. Nxf5 Nxf5 46. exf5 Kg7 47. g4 Kf6 48. Kf3 Kg5 49. h3 a5 50. Kg3 Bd6+ 51. Kg2 Kf4 52. Nb2 Be5 53. Nc4 a4 54. Na3 Bd4 55. Nb5 Bb2 56. Kf2 Be5 57. Na3 Bd6 58. Nb5 Bc5+ 59. Kg2 Ke3 60. f6 Kf4 61. f7 Ke5 62. h4 Ke6 63. g5 h5 64. Kf3 Kxf7 65. Ke4 Kg6 66. Kf4 Bf2 67. Na3 Bxh4 68. Kf3 Bxg5 69. Kg3 Kf5 70. Kh3 Ke4 71. Kg2 Kd3 72. Kh3 Be7 0-1

[Event "Milan Crespi op-A 35th"]
[Site "Milan"]
[Date "2014.12.12"]
[Round "8"]
[White "Aleksic, Nenad"]
[Black "Cazzaniga, Walter"]
[Result "1/2-1/2"]
[WhiteElo "2328"]
[BlackElo "2115"]
[PlyCount "31"]
[EventDate "2014.12.06"]
[EventType "swiss"]
[EventRounds "9"]
[EventCountry "ITA"]
[SourceTitle "EXT 2016"]
[Source "ChessBase"]
[SourceDate "2015.10.08"]
[SourceVersion "1"]
[SourceVersionDate "2015.10.08"]
[SourceQuality "1"]

1. e4 e6 2. Nf3 d5 3. Nc3 Nf6 4. e5 Ne4 5. Ne2 Bc5 6. d4 Be7 7. Ng3 c5 8. Bd3 f5 9. exf6 Nxf6 10. dxc5 Nc6 11. 0-0 0-0 12. Qe2 Bxc5 13. c3 Bd7 14. Bb5 Qc7 15. Bxc6 bxc6 16. Ne5 1/2-1/2

[Event "Milan Crespi op-A 35th"]
[Site "Milan"]
[Date "2014.12.11"]
[Round "7"]
[White "Cazzaniga, Walter"]
[Black "Motola, Jacopo"]
[Result "1/2-1/2"]
[WhiteElo "2115"]
[BlackElo "2069"]
[PlyCount "59"]
[EventDate "2014.12.06"]
[EventType "swiss"]
[EventRounds "9"]
[EventCountry "ITA"]
[SourceTitle "EXT 2016"]
[Source "ChessBase"]
[SourceDate "2015.10.08"]
[SourceVersion "1"]
[SourceVersionDate "2015.10.08"]
[SourceQuality "1"]

1. d4 d5 2. c4 dxc4 3. e4 e5 4. Nf3 exd4 5. Bxc4 Bb4+ 6. Nbd2 Nc6 7. 0-0 Nf6 8. e5 Nd5 9. Nb3 Nb6 10. Bb5 Bd7 11. Nbxd4 Nxd4 12. Nxd4 Bxb5 13. Nxb5 a6 14. Qg4 axb5 15. Qxb4 Qd7 16. Qe4 c6 17. Be3 Nd5 18. Bc5 Ra4 19. b4 g6 20. Rfe1 Qe6 21. Qd4 h5 22. Bd6 Kd7 23. h3 Rha8 24. Rec1 Rxa2 25. Rxa2 Rxa2 26. Ra1 Rxa1+ 27. Qxa1 Kd8 28. Qa5+ b6 29. Qa8+ Qc8 30. Qa7 1/2-1/2

[Event "Milan Crespi op-A 35th"]
[Site "Milan"]
[Date "2014.12.09"]
[Round "5"]
[White "Cazzaniga, Walter"]
[Black "Vezzosi, Paolo"]
[Result "1/2-1/2"]
[WhiteElo "2115"]
[BlackElo "2291"]
[PlyCount "92"]
[EventDate "2014.12.06"]
[EventType "swiss"]
[EventRounds "9"]
[EventCountry "ITA"]
[SourceTitle "EXT 2016"]
[Source "ChessBase"]
[SourceDate "2015.10.08"]
[SourceVersion "1"]
[SourceVersionDate "2015.10.08"]
[SourceQuality "1"]

1. d4 Nf6 2. c4 e6 3. Nf3 Bb4+ 4. Bd2 c5 5. Bxb4 cxb4 6. g3 0-0 7. Bg2 d6 8. 0-0 Qc7 9. Qd3 e5 10. Nbd2 Re8 11. e4 Bg4 12. Rac1 Na6 13. Rfe1 Rad8 14. h3 Bxf3 15. Nxf3 Qa5 16. Qb1 Rc8 17. c5 dxc5 18. dxe5 Nd7 19. e6 Rxe6 20. e5 h6 21. Nd4 Rxe5 22. Bxb7 Rf8 23. Nc6 Rxe1+ 24. Rxe1 Qb6 25. Ne7+ Kh8 26. Bd5 Qf6 27. b3 Nc7 28. Bg2 Ne5 29. Qe4 Qxe7 30. Qxe5 Qxe5 31. Rxe5 Ne6 32. Bd5 Rc8 33. Kg2 Rc7 34. Bxe6 fxe6 35. Rxe6 Kg8 36. Ra6 Kf7 37. Kf3 c4 38. bxc4 Rxc4 39. Rxa7+ Kf6 40. Ra6+ Kf7 41. h4 h5 42. Ra7+ Kg8 43. Ra8+ Kf7 44. Ke3 Rc3+ 45. Kd2 Rf3 46. Ke2 Rc3 1/2-1/2

[Event "Milan Molinari Memorial 8th"]
[Site "Milan"]
[Date "2014.11.01"]
[Round "5"]
[White "Cazzaniga, Walter"]
[Black "Cerioni, Armando"]
[Result "1-0"]
[WhiteElo "2126"]
[BlackElo "1975"]
[PlyCount "69"]
[EventDate "2014.10.29"]
[EventType "swiss"]
[EventRounds "6"]
[EventCountry "ITA"]
[SourceTitle "EXT 2016"]
[Source "ChessBase"]
[SourceDate "2015.10.08"]
[SourceVersion "1"]
[SourceVersionDate "2015.10.08"]
[SourceQuality "1"]

1. d4 Nf6 2. c4 g6 3. Nc3 Bg7 4. e4 d6 5. Nf3 0-0 6. Be2 Nbd7 7. 0-0 e5 8. Be3 Re8 9. d5 Nh5 10. Re1 Bf8 11. b4 Ng7 12. Nd2 f5 13. f3 f4 14. Bf2 g5 15. Rc1 h5 16. Qb3 Nf6 17. c5 g4 18. Nb5 gxf3 19. gxf3 Nh7 20. Kh1 Ng5 21. Bf1 Nh3 22. Bxh3 Bxh3 23. Rg1 a6 24. Na3 Kh7 25. b5 dxc5 26. Bxc5 Bxc5 27. Rxc5 b6 28. Rc6 a5 29. Qc3 Re7 30. Nac4 Qe8 31. Nxe5 Rxe5 32. Rxc7 Rc8 33. Rgxg7+ Kh8 34. Rxc8 Bxc8 35. Rg5 1-0

[Event "Milan Palladino Memorial-A 6th"]
[Site "Milan"]
[Date "2014.04.17"]
[Round "1"]
[White "Girgenti, Giuseppe"]
[Black "Cazzaniga, Walter"]
[Result "0-1"]
[WhiteElo "1935"]
[BlackElo "2128"]
[PlyCount "84"]
[EventDate "2014.04.17"]
[EventType "swiss"]
[EventRounds "7"]
[EventCountry "ITA"]
[SourceTitle "EXT 2015"]
[Source "ChessBase"]
[SourceDate "2014.11.20"]
[SourceVersion "1"]
[SourceVersionDate "2014.11.20"]
[SourceQuality "1"]

1. e4 e6 2. d4 d5 3. e5 c5 4. c3 Nc6 5. Nf3 Qb6 6. Bd3 cxd4 7. cxd4 Bd7 8. 0-0 Nxd4 9. Nbd2 a5 10. Nxd4 Qxd4 11. Nf3 Qb6 12. Ng5 Nh6 13. Nxh7 Be7 14. Bxh6 gxh6 15. Qe2 0-0-0 16. Nf6 Bc6 17. Rfc1 Kb8 18. Rc2 d4 19. Rac1 h5 20. Rxc6 bxc6 21. Qf3 c5 22. a4 Ka7 23. Bb5 Bxf6 24. Qxf6 Qc7 25. Qf3 Rd5 26. Qb3 Rxe5 27. f4 Rf5 28. g3 h4 29. Bd3 hxg3 30. Bxf5 gxh2+ 31. Kg2 Qc6+ 32. Kg3 exf5 33. Qxf7+ Qb7 34. Qxf5 h1Q 35. Rxh1 Rxh1 36. Qxc5+ Qb6 37. Qe7+ Ka6 38. Qe2+ Kb7 39. Qe4+ Qc6 40. Qe7+ Kb6 41. Qd8+ Ka6 42. Qxd4 Qg6+ 0-1

[Event "Milan Befana op"]
[Site "Milan"]
[Date "2014.01.06"]
[Round "6"]
[White "Cazzaniga, Walter"]
[Black "Bonazzi, Edoardo"]
[Result "1-0"]
[WhiteElo "2116"]
[BlackElo "2079"]
[PlyCount "99"]
[EventDate "2014.01.02"]
[EventType "swiss"]
[EventRounds "7"]
[EventCountry "ITA"]
[SourceTitle "EXT 2015"]
[Source "ChessBase"]
[SourceDate "2014.11.20"]
[SourceVersion "1"]
[SourceVersionDate "2014.11.20"]
[SourceQuality "1"]

1. d4 Nf6 2. c4 c5 3. d5 b5 4. cxb5 a6 5. bxa6 Bxa6 6. Nc3 d6 7. Nf3 g6 8. g3 Bg7 9. Bg2 Nbd7 10. 0-0 Nb6 11. Re1 0-0 12. Nd2 Ra7 13. Rb1 Qa8 14. e4 Nfd7 15. Nf3 Nc4 16. Qc2 Nde5 17. Nxe5 Nxe5 18. Rd1 Rb8 19. b3 Rc7 20. Be3 Bc8 21. h3 Qa5 22. a4 Ba6 23. Na2 Rcb7 24. f4 Nd7 25. e5 Rc7 26. Kh2 dxe5 27. d6 exd6 28. Rxd6 exf4 29. Bxf4 Be5 30. Bd2 Rb4 31. Nxb4 cxb4 32. Rc6 Nc5 33. Be3 Bd3 34. Qxc5 Qxc5 35. Rxc5 Rxc5 36. Bxc5 Bxb1 37. Bxb4 h5 38. h4 g5 39. hxg5 h4 40. Be1 Bc2 41. Bd5 Kg7 42. a5 Bd3 43. Kh3 hxg3 44. Bxg3 Bc3 45. Bc7 Ba6 46. Bc4 Bxc4 47. bxc4 f6 48. Kg4 fxg5 49. Kxg5 Kf7 50. Bb6 1-0

[Event "Milan Befana op"]
[Site "Milan"]
[Date "2014.01.05"]
[Round "5"]
[White "Cazzaniga, Walter"]
[Black "Vezzosi, Paolo"]
[Result "0-1"]
[WhiteElo "2116"]
[BlackElo "2252"]
[PlyCount "56"]
[EventDate "2014.01.02"]
[EventType "swiss"]
[EventRounds "7"]
[EventCountry "ITA"]
[SourceTitle "EXT 2015"]
[Source "ChessBase"]
[SourceDate "2014.11.20"]
[SourceVersion "1"]
[SourceVersionDate "2014.11.20"]
[SourceQuality "1"]

1. d4 Nf6 2. c4 c6 3. Nc3 d5 4. Nf3 dxc4 5. a4 Bf5 6. e3 e6 7. Bxc4 Bb4 8. 0-0 Nbd7 9. Qe2 0-0 10. e4 Bg6 11. Bd3 c5 12. e5 cxd4 13. Na2 Nd5 14. Bxg6 hxg6 15. Nxd4 Bc5 16. Nf3 Qb6 17. Nc3 Nxc3 18. bxc3 Rfc8 19. Bf4 Qc6 20. Rfc1 Nb6 21. a5 Nc4 22. Kf1 Ba3 23. Rcb1 a6 24. Bc1 Bxc1 25. Rxc1 Rd8 26. Rcb1 Rd5 27. Rb4 Rc8 28. Rba4 Qc7 0-1

[Event "Milan SSM op 08"]
[Site "Milan"]
[Date "2013.08.04"]
[Round "5"]
[White "Vezzosi, Paolo"]
[Black "Cazzaniga, Walter"]
[Result "1-0"]
[WhiteElo "2281"]
[BlackElo "2156"]
[PlyCount "97"]
[EventDate "2013.07.31"]
[EventType "swiss"]
[EventRounds "7"]
[EventCountry "ITA"]
[SourceTitle "EXT 2015"]
[Source "ChessBase"]
[SourceDate "2014.11.20"]
[SourceVersion "1"]
[SourceVersionDate "2014.11.20"]
[SourceQuality "1"]

1. Nf3 Nf6 2. c4 g6 3. g3 Bg7 4. Bg2 c5 5. Nc3 Nc6 6. d4 cxd4 7. Nxd4 0-0 8. 0-0 Ng4 9. e3 d6 10. b3 Nxd4 11. exd4 Nh6 12. Bb2 Nf5 13. Nd5 e6 14. Ne3 Rb8 15. Nxf5 gxf5 16. Qd2 b5 17. cxb5 Rxb5 18. Bc6 Rb6 19. d5 Bxb2 20. Qxb2 Bb7 21. Rac1 Bxc6 22. Rxc6 e5 23. Rfc1 Rb5 24. Qd2 Qf6 25. Rc7 a5 26. Ra7 Rb4 27. Rxa5 Rd4 28. Qe2 f4 29. Qg4+ Kh8 30. Rc8 Rxc8 31. Qxc8+ Kg7 32. Qg4+ Kh6 33. Ra4 f3 34. Rxd4 exd4 35. Qe4 d3 36. Qxd3 Qa1+ 37. Qf1 Qxa2 38. Qc1+ Kg6 39. h4 f6 40. g4 h5 41. Qf4 Qe2 42. Qd4 hxg4 43. Qxg4+ Kh6 44. Qd4 Kh5 45. Kh2 Qf1 46. Kg3 Qg2+ 47. Kf4 Kxh4 48. Qxf6+ Kh5 49. Ke3 1-0

[Event "Milan SSM op"]
[Site "Milan"]
[Date "2013.07.05"]
[Round "2"]
[White "Cazzaniga, Walter"]
[Black "Orlando, Luigi"]
[Result "1-0"]
[WhiteElo "2156"]
[BlackElo "1891"]
[PlyCount "41"]
[EventDate "2013.07.04"]
[EventType "swiss"]
[EventRounds "5"]
[EventCountry "ITA"]
[SourceTitle "EXT 2015"]
[Source "ChessBase"]
[SourceDate "2014.11.20"]
[SourceVersion "1"]
[SourceVersionDate "2014.11.20"]
[SourceQuality "1"]

1. d4 Nf6 2. c4 g6 3. Nc3 Bg7 4. e4 d6 5. Nf3 0-0 6. Be2 e5 7. 0-0 Nc6 8. d5 Ne7 9. b4 Nd7 10. a4 a6 11. Ba3 b6 12. a5 h6 13. Rc1 f5 14. Nd2 Nf6 15. axb6 cxb6 16. c5 bxc5 17. bxc5 dxc5 18. Bxc5 Nxe4 19. Ndxe4 fxe4 20. d6 Nf5 21. Qd5+ 1-0

[Event "Milan SSM op 06"]
[Site "Milan"]
[Date "2013.06.09"]
[Round "6"]
[White "Pelizzola, Danilo"]
[Black "Cazzaniga, Walter"]
[Result "1-0"]
[WhiteElo "2072"]
[BlackElo "2158"]
[PlyCount "131"]
[EventDate "2013.06.06"]
[EventType "swiss"]
[EventRounds "6"]
[EventCountry "ITA"]
[SourceTitle "EXT 2015"]
[Source "ChessBase"]
[SourceDate "2014.11.20"]
[SourceVersion "1"]
[SourceVersionDate "2014.11.20"]
[SourceQuality "1"]

1. e4 Nf6 2. Nc3 d5 3. exd5 Nxd5 4. Bc4 c6 5. Nge2 Bf5 6. d3 e6 7. 0-0 Be7 8. Bd2 Nd7 9. a3 h5 10. b4 Qc7 11. b5 Ne5 12. bxc6 bxc6 13. Nxd5 exd5 14. Bb3 Ng4 15. Bf4 Bd6 16. Qd2 Bxf4 17. Qxf4 Qxf4 18. Nxf4 Kd7 19. Rfe1 g5 20. Ne2 Kd6 21. Nd4 Bd7 22. Nf3 f6 23. d4 Nh6 24. Rad1 a5 25. Ba4 Rab8 26. Rb1 Nf5 27. c3 g4 28. Nd2 Ng7 29. Rxb8 Rxb8 30. Rb1 Rxb1+ 31. Nxb1 Bf5 32. Nd2 Ne6 33. Bd1 c5 34. Nb3 c4 35. Nd2 Nc7 36. Ba4 Bd3 37. f3 gxf3 38. gxf3 Ne6 39. Kf2 Ng7 40. Nf1 h4 41. Ne3 Ne6 42. Ng2 h3 43. Ne1 Bf5 44. Kg3 Ng7 45. Kf4 Bb1 46. Nc2 Ne6+ 47. Kg3 Ba2 48. Ne3 Nc7 49. Nf5+ Ke6 50. Kf4 Bb3 51. Bc6 Bc2 52. Ne3 Bb3 53. Bb7 Ba4 54. Kg3 Kd6 55. Kxh3 Nb5 56. Bxd5 Nxc3 57. Bxc4 Bd7+ 58. Kg2 Nb1 59. h4 Nxa3 60. h5 Be8 61. h6 Bg6 62. Bg8 a4 63. h7 Bxh7 64. Bxh7 Nb5 65. Nc2 Nc3 66. Bg8 1-0

[Event "Milan SSM op 06"]
[Site "Milan"]
[Date "2013.06.08"]
[Round "3"]
[White "Cazzaniga, Walter"]
[Black "Bonazzi, Edoardo"]
[Result "1-0"]
[WhiteElo "2158"]
[BlackElo "2073"]
[PlyCount "75"]
[EventDate "2013.06.06"]
[EventType "swiss"]
[EventRounds "6"]
[EventCountry "ITA"]
[SourceTitle "EXT 2015"]
[Source "ChessBase"]
[SourceDate "2014.11.20"]
[SourceVersion "1"]
[SourceVersionDate "2014.11.20"]
[SourceQuality "1"]

1. d4 Nf6 2. c4 e6 3. Nf3 d5 4. Nc3 Be7 5. Bg5 h6 6. Bh4 0-0 7. e3 Ne4 8. Bxe7 Qxe7 9. Qc2 Nxc3 10. Qxc3 dxc4 11. Bxc4 b6 12. 0-0 Bb7 13. Be2 Rc8 14. b4 c5 15. dxc5 bxc5 16. b5 Nd7 17. a4 a6 18. Rfc1 axb5 19. axb5 Nb6 20. Rxa8 Bxa8 21. Qa5 Qc7 22. Nd2 Bd5 23. e4 Ra8 24. Qc3 Bb7 25. f3 Ra2 26. Bf1 Qf4 27. Nb3 Na4 28. Qd3 Ra3 29. Qd2 Qxd2 30. Nxd2 Ra2 31. Nb3 f5 32. Bc4 Rb2 33. Bxe6+ Kf8 34. exf5 Bc8 35. Nxc5 Nxc5 36. Rxc5 Bxe6 37. fxe6 Ke7 38. Re5 1-0

[Event "Milan SSM op"]
[Site "Milan"]
[Date "2012.07.31"]
[Round "6"]
[White "Cacciola, Alfredo"]
[Black "Cazzaniga, Walter"]
[Result "0-1"]
[WhiteElo "2087"]
[BlackElo "2148"]
[PlyCount "50"]
[EventDate "2012.07.27"]
[EventType "swiss"]
[EventRounds "7"]
[EventCountry "ITA"]
[SourceTitle "EXT 2014"]
[Source "ChessBase"]
[SourceDate "2013.11.20"]
[SourceVersion "1"]
[SourceVersionDate "2013.11.20"]
[SourceQuality "1"]

1. e4 e6 2. d4 d5 3. Nd2 Nf6 4. e5 Nfd7 5. Bd3 c5 6. c3 Nc6 7. Ne2 cxd4 8. cxd4 f6 9. exf6 Nxf6 10. Nf3 Bd6 11. 0-0 0-0 12. Bf4 Nh5 13. Bxd6 Qxd6 14. Re1 Bd7 15. Rc1 Rxf3 16. gxf3 e5 17. dxe5 Nxe5 18. Be4 Bc6 19. Qb3 Kh8 20. Red1 Nf6 21. Ng3 Qf8 22. Rxd5 Nxd5 23. Bxd5 Nxf3+ 24. Kh1 Nd2 25. Qd3 Rd8 0-1